| 000 | 01006amm a2200289 4500 | ||
|---|---|---|---|
| 008 | 130118s2013 o | cat d | ||
| 041 | _acat | ||
| 041 | _bspa | ||
| 041 | _beng | ||
| 041 | _bfre | ||
| 110 |
_975269 _aUniversitat de Barcelona. Departament d’Empresa. Secció de Comptabilitat |
||
| 245 |
_aTerminologia comptable de les NIIF _h[en línia] _cSecció de Comptabilitat. Departament d’Empresa. Facultat d’Economia i Empresa. Universitat de Barcelona |
||
| 260 |
_aBarcelona _bUniversitat de Barcelona. Serveis Lingüístics _c2013 |
||
| 500 | _aCategoria gramatical, remissions, sinònims, notes | ||
| 520 | _a263 | ||
| 546 | _acatalà | ||
| 592 | _aObra terminològica | ||
| 593 | _aNM | ||
| 593 | _aNE | ||
| 650 | 0 |
_acomptabilitat _960856 |
|
| 650 | 0 |
_afinances _960713 |
|
| 856 | _uhttps://www.ub.edu/ubterm/obra/terminologia-comptable-de-les-niif/ | ||
| 901 | _c<2013> | ||
| 902 | _a130118 | ||
| 942 |
_cMO _2ddc _n0 |
||
| 999 |
_c68437 _d68437 |
||